000 01413nam a22002057a 4500
999 _c58296
_d58296
003 Ge_BSU
005 20211028124446.0
008 211028s2014 ge ||||| |||| 00| 0 geo d
020 _a19877684
041 _ageo
080 _a316(061) s-74
245 _aსოციალურ მეცნიერებათა საკითხები :
_bშრომების კრებული. ტომი VI /
_cრედ. ირაკლი მანველიძე; შოთა რუსთაველის სახელმწიფო უნივერსიტეტი ; სოციალურ მეცნიერებათა, ბიზნესისა და სამართალმცოდნეობის ფაკულტეტი ; სოციალურ მეცნიერებათა დეპარტამენტი.
264 _aთბილისი:
_bუნივერსალი,
_c2014.
300 _a223 გვ.;
_b20 სმ.
500 _aტექსტი ქართულ, რუსულ და ინგლისურ ენებზე
700 _aმანველიძე, ირაკლი
_eრედაქტორი
_92014
710 _aბსუ
_912750
856 _uhttps://dspace.nplg.gov.ge/bitstream/1234/140926/1/Sotsialur_Metsnierebata_Sakitxebi_2014_N6.pdf
_yელ. ვერსია. pdf
942 _2udc
_cBK